000 00594nam a22002055b 4500
003 OSt
005 20160113085833.0
008 930205s1992 sp | |||| ||spa
020 _a84-226-4306-5
040 _cBMC
082 _a813.5
100 1 _aStrieber, Whitley
_937931
245 1 0 _aMajestic
_cWhitley Strieber ; [traducción, Beatriz López-Buisán]
260 _aBarcelona
_bCírculo de Lectores
_cD.L.1992
300 _a364 p.
_c21 cm
595 _aTraducción de: Majestic
650 2 4 _917595
_aNovela norteamericana
700 1 _aLópez-Buisán, Beatriz
_937932
942 _2ddc
_cBK
999 _c24355
_d24355